Conflictology: systems, institutions, and mechanisms in Africa (Record no. 1227696)

MARC details
000 -LEADER
fixed length control field 00633nam a2200217Ia 4500
005 - DATE AND TIME OF LATEST TRANSACTION
control field 20241129110212.0
008 - FIXED-LENGTH DATA ELEMENTS--GENERAL INFORMATION
fixed length control field 241129s9999||||xx |||||||||||||| ||und||
020 ## - INTERNATIONAL STANDARD BOOK NUMBER
International Standard Book Number 978-1-7936-1505-3
037 ## - SOURCE OF ACQUISITION
Stock number TB
040 ## - CATALOGING SOURCE
Original cataloging agency ARTS
Language of cataloging eng
Transcribing agency ARTS
041 ## - LANGUAGE CODE
Language code of text/sound track or separate title eng
Source of code eng
084 ## - COLON CLASSIFICATION NUMBER
Classification number V6:594 R0
Assigning agency ARTS
100 ## - MAIN ENTRY--PERSONAL NAME
Personal name Onditi Francis Au.
9 (RLIN) 727459
245 #0 - TITLE STATEMENT
Title Conflictology: systems, institutions, and mechanisms in Africa
Statement of responsibility, etc. Onditi Francis Au.
260 ## - PUBLICATION, DISTRIBUTION, ETC.
Place of publication, distribution, etc. Maryland
Name of publisher, distributor, etc. Lanham Lexington Books
Date of publication, distribution, etc. 2023
300 ## - PHYSICAL DESCRIPTION
Extent xii,481p.
365 ## - TRADE PRICE
Price type code UKP
Price amount 111
650 ## - SUBJECT ADDED ENTRY--TOPICAL TERM
Topical term or geographic name entry element History-Africa
942 ## - ADDED ENTRY ELEMENTS (KOHA)
Koha item type Textbook
Classification part V6:594 R0
Holdings
Withdrawn status Lost status Damaged status Not for loan Home library Current library Date acquired Source of acquisition Cost, normal purchase price Inventory number Total Checkouts Full call number Barcode Date last seen Price effective from Koha item type
        Arts Library Arts Library 2024-11-29 Elite Publishers Distributors 111.00 14890 & 30/01/2024   V6:594 R0 AL1803730 2024-11-29 2024-11-29 Textbook
Copyright @ Delhi University Library System